| 000 | 01092 a2200205 4500 | ||
|---|---|---|---|
| 003 | NUST | ||
| 005 | 20221031130048.0 | ||
| 010 | _a7210578 | ||
| 020 | _a0070092753 | ||
| 040 | _cNust | ||
| 082 | _a510,BUS | ||
| 100 |
_aBush, Grace A. _9101975 |
||
| 245 |
_aFoundations of mathematics: _bwith application to the social and management sciences / _cGrace A. Bush, John E. Young. |
||
| 250 | _a2nd Ed. | ||
| 260 |
_aNew York, _bMcGraw-Hill _c[1968] |
||
| 300 |
_a536 p. illus. _b24 cm. |
||
| 505 | _aSets and Subsets (Page-1), The Real Number System (Page-26), Relations and functions (Page-58), Permutations and Combinations (Page-88), Probability (Page-110), Sequence and Mathematics of Finance (Page-148), Systems of Linear Algebra Equations (Page-181), Matrices and the Solution of Linear Systems (Page-212), polynomial and other Functions (Page 250), Inequalities and Linear Programming (Page 279), The Simplex Algorithm (Page-308), Differential Calculus (Page-383), Statistical Measures (Page-416). | ||
| 650 |
_aFoundations of mathematics, _9101976 |
||
| 942 |
_2ddc _cBK _k510,BUS |
||
| 999 |
_c179767 _d179767 |
||